000 00291nam a2200097Ia 4500
005 20250424112857.0
008 250424s9999 xx 000 0 und d
300 _av. , 260 p. : ill. ; 26 cm.
650 _aMoney--Periodicals. Credit--Periodicals. Banks and banking--Periodicals
942 _cSR
999 _c37650
_d37650